| 000 | 00672nam a22002057a 4500 | ||
|---|---|---|---|
| 005 | 20260518120357.0 | ||
| 008 | 260518b |||||||| |||| 00| 0 eng d | ||
| 020 | _a9783031784194 | ||
| 040 | _aMAIN | ||
| 041 | _aEnglish | ||
| 082 |
_a363.7285 _bSOL |
||
| 100 |
_aPandey, Ashutosh (ed) _926845 |
||
| 245 |
_aSolid Waste Management _b: A Roadmap for Sustainable Environmental Practices and Circular Economy |
||
| 260 |
_aSwitzerland _bSpringer _c2025 |
||
| 300 | _a452 | ||
| 650 |
_aManagement ( Donated By Professor Suthar, Surendra Singh ) _926842 |
||
| 700 |
_aSuthar, Surendra Singh (ed) _926843 |
||
| 700 |
_aAmesho, Kassain T.T. (ed) _926844 |
||
| 942 | _cBK | ||
| 999 |
_c60825 _d60825 |
||